UM Logo

A novel thyristor-based bidirectional SSCB with controllable current breaking capability / (Record no. 19052)

MARC details
000 -LEADER
fixed length control field 01079nam a22002537a 4500
003 - CONTROL NUMBER IDENTIFIER
control field OSt
005 - DATE AND TIME OF LATEST TRANSACTION
control field 20250912154312.0
008 - FIXED-LENGTH DATA ELEMENTS--GENERAL INFORMATION
fixed length control field 240208b ||||| |||| 00| 0 eng d
040 ## - CATALOGING SOURCE
Transcribing agency 0
082 ## - DEWEY DECIMAL CLASSIFICATION NUMBER
Classification number DPer 621.381 In821 April 2022 v. 37 n. 4
100 ## - MAIN ENTRY--PERSONAL NAME
Personal name Xu, Xiaorui.
Relator term author.
9 (RLIN) 52064
245 ## - TITLE STATEMENT
Title A novel thyristor-based bidirectional SSCB with controllable current breaking capability /
Statement of responsibility, etc. Xiaorui Xu, Wanjun Chen, Chao Liu, Ruize Sun, Fangzhou Wang, Zhaoji Li, and Bo Zhang.
260 ## - PUBLICATION, DISTRIBUTION, ETC. (IMPRINT)
Place of publication, distribution, etc. New York ;
Name of publisher, distributor, etc. The Institute of Electrical and Electronics Engineers, Inc. ,
Date of publication, distribution, etc. April 2022.
300 ## - PHYSICAL DESCRIPTION
Extent Volume 37, pages 4526-4534 :
Other physical details illustration ;
Dimensions 28 cm.
500 ## - GENERAL NOTE
General note IEEE Transaction on Power Electronics, vol. 37, no. 4, pages 4526-4534, April 2022.
700 ## - ADDED ENTRY--PERSONAL NAME
Personal name Xu, Xiaorui.
Relator term author.
9 (RLIN) 52064
700 ## - ADDED ENTRY--PERSONAL NAME
Personal name Chen, Wanjun.
Relator term author.
9 (RLIN) 52065
700 ## - ADDED ENTRY--PERSONAL NAME
Personal name Liu, Chao.
Relator term author.
9 (RLIN) 52066
700 ## - ADDED ENTRY--PERSONAL NAME
Personal name Sun, Ruize.
Relator term author.
9 (RLIN) 52067
700 ## - ADDED ENTRY--PERSONAL NAME
Personal name Wang, Fangzhou.
Relator term author.
9 (RLIN) 52068
700 ## - ADDED ENTRY--PERSONAL NAME
Personal name Li, Zhaoji.
Relator term author.
9 (RLIN) 52069
700 ## - ADDED ENTRY--PERSONAL NAME
Personal name Zhang, Bo.
Relator term author.
9 (RLIN) 52070
942 ## - ADDED ENTRY ELEMENTS (KOHA)
Source of classification or shelving scheme Dewey Decimal Classification
Koha item type Periodicals
Holdings
Withdrawn status Lost status Source of classification or shelving scheme Damaged status Not for loan Collection code Home library Current library Date acquired Total Checkouts Full call number Date last seen Price effective from Koha item type Public note
    Dewey Decimal Classification     Periodicals UM Digos College - LIC UM Digos College - LIC 02/08/2024   DPer 621.381 In821 April 2022 v. 37 n. 4 02/08/2024 02/08/2024 Periodicals Periodical Article